五街道の宿場 - Statistics

General Stats
  • This quiz has been taken 27 times
  • The average score is 104 of 301
Answer Stats
No. 宿場 % Correct
1 品川
100%
2 川崎
100%
9 小田原
100%
61 宮宿
100%
3 神奈川
96%
10 箱根
96%
29 浜松
96%
5 戸塚
92%
7 平塚
92%
11 三島
92%
12 沼津
92%
42 桑名
92%
53 | 69 大津
92%
3 浦和
92%
6 藤沢
88%
38 岡崎
88%
46 亀山
88%
52 | 68 草津
88%
17 宇都宮
88%
4 大宮
88%
4 保土ヶ谷
83%
8 大磯
83%
17 興津
83%
22 藤枝
83%
23 島田
83%
37 | 53 福島
83%
13
79%
26 掛川
79%
43 四日市
79%
12 小山
79%
27 白河
79%
41 郡山
79%
70 仙台
79%
83 一関
79%
93 盛岡
79%
109 青森
79%
6 桶川
79%
8 熊谷
79%
16 由比
75%
48 二本松
75%
90 花巻
75%
5 上尾
75%
13 高崎
75%
14 吉原
71%
15 蒲原
71%
27 袋井
71%
47
71%
50 水口
71%
2 草加
71%
10 本庄
71%
9 | 19 府中
67%
24 金谷
67%
9 古河
67%
20 今市
67%
66 岩沼
67%
18 軽井沢
67%
11 八王子
67%
39 池鯉鮒
63%
1 千住
63%
45 本宮
63%
60 白石
63%
75 古川
63%
86 水沢
63%
105 野辺地
63%
113 松前
63%
15 安中
63%
30 塩尻
63%
45 中津川
63%
25 大月
63%
37 須賀川
58%
99 三戸
58%
104 七戸
58%
7 鴻巣
58%
9 深谷
58%
10 日野
58%
44 上諏訪
58%
21 岡部
54%
31 新居
54%
41
54%
11 新町
54%
17 上野原
54%
30 舞阪
50%
35 御油
50%
7 栗橋
50%
14 小金井
50%
22 大田原
50%
63 大河原
50%
95 沼宮内
50%
101 五戸
50%
2
50%
37 石和
50%
39 韮崎
50%
33 二川
46%
36 | 56 赤坂
46%
4 粕壁
46%
6 幸手
46%
15 石橋
46%
96 一戸
46%
1 板橋
46%
12 倉賀野
46%
24 八幡
46%
34 奈良井
46%
43 馬籠
46%
67 守山
46%
20 鞠子
42%
16 雀宮
42%
55 桑折
42%
65 槻木
42%
69 長町
42%
29 下諏訪
42%
38 上松
42%
58 関ヶ原
42%
1 内藤新宿
42%
35 勝沼
42%
34 吉田
38%
37 藤川
38%
40 鳴海
38%
49 土山
38%
34 矢吹
38%
57 垂井
38%
32 白須賀
33%
48 坂下
33%
5 杉戸
33%
10 野木
33%
19 氏家
33%
72 富谷
33%
112 三厩
33%
42 妻籠
33%
52 鵜沼
33%
36 栗原
33%
18 江尻
29%
28 見附
29%
44 石薬師
29%
51 石部
29%
3 越ヶ谷
29%
57 貝田
29%
58 越河
29%
74 三本木
29%
85 前沢
29%
87 金ヶ崎
29%
98 金田一
29%
16 松井田
29%
23 猿橋
29%
11 間々田
25%
25 日坂
21%
13 新田
21%
26 白坂
21%
56 藤田
21%
78 築館
21%
91 石鳥谷
21%
107 小湊
21%
51 太田
21%
60 柏原
21%
61 醒井
21%
45 庄野
17%
19 大沢
17%
20 喜連川
17%
82 有壁
17%
89 黒沢尻
17%
94 渋民
17%
97 福岡
17%
114 箱館
17%
22 岩村田
17%
28 和田
17%
49 御嶽
17%
43 金沢
17%
43 日和田
13%
73 吉岡
13%
31 洗馬
13%
35 藪原
13%
44 落合
13%
46 大井
13%
53 加納
13%
65 愛知川
13%
2 下高井戸
13%
18 徳次郎
8%
71 七北田
8%
81 金成
8%
108 野内
8%
17 坂本
8%
20 追分
8%
33 贄川
8%
64 高宮
8%
4 国領
8%
8 | 68 中田
4%
52 清水町
4%
67 増田
4%
84 山目
4%
110 油川
4%
19 沓掛
4%
36 宮ノ越
4%
39 須原
4%
40 野尻
4%
41 三留野
4%
50 伏見
4%
54 河渡
4%
55 美江寺
4%
63 鳥居本
4%
66 武佐
4%
20 犬目
4%
24 駒橋
4%
30 白野
4%
32 黒野田
4%
21 鉢石
0%
18 白沢
0%
21 佐久山
0%
23 鍋掛
0%
24 越堀
0%
25 芦野
0%
28 根田
0%
29 小田川
0%
30 太田川
0%
31 踏瀬
0%
32 大和久
0%
33 中畑新田
0%
35 久来石
0%
36 笠石
0%
38 笹川
0%
39 日出山
0%
40 小原田
0%
42 福原
0%
44 高倉
0%
46 南杉田
0%
47 北杉田
0%
49 二本柳
0%
50 八丁目
0%
51 若宮
0%
54 瀬上
0%
59 斎川
0%
62 金ヶ瀬
0%
64 船迫
0%
76 荒谷
0%
77 高清水
0%
79 宮野
0%
80 沢辺
0%
88 鬼柳
0%
92 日詰郡山
0%
100 浅水
0%
102 伝法寺
0%
103 藤島
0%
106 馬門
0%
111 平舘
0%
14 板鼻
0%
21 小田井
0%
23 塩名田
0%
25 望月
0%
26 芦田
0%
27 長久保
0%
32 本山
0%
47 大湫
0%
48 細久手
0%
59 今須
0%
62 番場
0%
3 上高井戸
0%
5 下布田
0%
6 上布田
0%
7 下石原
0%
8 上石原
0%
12 駒木野
0%
13 小原
0%
14 与瀬
0%
15 吉野
0%
16 関野
0%
18 鶴川
0%
19 野田尻
0%
21 下鳥沢
0%
22 上鳥沢
0%
26 下花咲
0%
27 上花咲
0%
28 下初狩
0%
29 中初狩
0%
31 阿弥陀海道
0%
33 駒飼
0%
34 鶴瀬
0%
38 甲府柳町
0%
40 台ヶ原
0%
41 教来石
0%
42 蔦木
0%
No matching quizzes found
Score Distribution
Percent of People with Each Score
Percentile by Number Answered
Your Score History
You have not taken this quiz